000
00305 a2200109 4500
001
ART_33054
005
20260410161926.0
008
260409a
245
1
0
_a
Las subvenciones agrícolas en el mundo
100
1
_a
Lagger, Patricio
773
0
_t
Lecturas
_g
- Nº 12 (jun. 2008)
_w
REV19328
999
_c
28187
_d
28187